[Event "Albert Boxer Classic"]
[Site "Winnipeg CAN"]
[Date "2001.09.03"]
[Round "6.3"]
[White "Schulz, Waldemar"]
[Black "Federkevic, Danny"]
[Result "1/2-1/2"]
[WhiteElo "2023"]
[BlackElo "1986"]
[PlyCount "40"]
[GameId "2160767911485374"]
[EventDate "2001.09.01"]
[EventType "swiss"]
[EventRounds "6"]
[EventCountry "CAN"]
[SourceTitle "EXT 2003"]
[Source "ChessBase"]
[SourceDate "2002.11.25"]
[SourceVersion "1"]
[SourceVersionDate "2002.11.25"]
[SourceQuality "1"]

1. Nf3 Nf6 2. g3 g6 3. Bg2 Bg7 4. O-O O-O 5. c4 d6 6. Nc3 e5 7. d4 exd4 8. Nxd4 Nbd7 9. b3 Nc5 10. Bb2 Ne6 11. Nxe6 fxe6 12. Qd2 Rb8 13. Rad1 Bd7 14. Ne4 Nxe4 15. Bxe4 Bxb2 16. Qxb2 b6 17. Qd4 Qf6 18. Qxf6 Rxf6 19. f4 Re8 20. Bg2 e5 1/2-1/2

[Event "Albert Boxer Classic"]
[Site "Winnipeg CAN"]
[Date "2001.09.03"]
[Round "6.4"]
[White "Katona, John"]
[Black "Lauritson, Jim"]
[Result "1/2-1/2"]
[WhiteElo "1762"]
[BlackElo "1957"]
[PlyCount "65"]
[GameId "2160767911485375"]
[EventDate "2001.09.01"]
[EventType "swiss"]
[EventRounds "6"]
[EventCountry "CAN"]
[SourceTitle "EXT 2003"]
[Source "ChessBase"]
[SourceDate "2002.11.25"]
[SourceVersion "1"]
[SourceVersionDate "2002.11.25"]
[SourceQuality "1"]

1. e4 c5 2. c3 Qa5 3. Na3 Nf6 4. e5 Nd5 5. Nf3 Nc6 6. Nc4 Qc7 7. d4 e6 8. Ng5 cxd4 9. cxd4 d6 10. f4 b5 11. exd6 Bxd6 12. Nxd6+ Qxd6 13. Ne4 Qb4+ 14. Bd2 Qxd4 15. Nd6+ Ke7 16. Nxb5 Qe4+ 17. Qe2 Qxf4 18. g4 Qf6 19. Qf2 Bd7 20. Bg2 Qxb2 21. Qc5+ Kd8 22. Rc1 Nf4 23. Qg5+ f6 24. Qxf4 Qxb5 25. Bxc6 Bxc6 26. Qd6+ Bd7 27. Rc5 Qb1+ 28. Rc1 Qe4+ 29. Kf2 Qxg4 30. Bb4 Qf5+ 31. Kg1 Qg4+ 32. Kf2 Qf5+ 33. Kg1 1/2-1/2

[Event "Albert Boxer Classic"]
[Site "Winnipeg CAN"]
[Date "2001.09.03"]
[Round "6.5"]
[White "Curtis, Rory"]
[Black "Proulx, Roy"]
[Result "1/2-1/2"]
[WhiteElo "1600"]
[BlackElo "1711"]
[PlyCount "29"]
[GameId "2160767911485376"]
[EventDate "2001.09.01"]
[EventType "swiss"]
[EventRounds "6"]
[EventCountry "CAN"]
[SourceTitle "EXT 2003"]
[Source "ChessBase"]
[SourceDate "2002.11.25"]
[SourceVersion "1"]
[SourceVersionDate "2002.11.25"]
[SourceQuality "1"]

1. d4 d5 2. c4 e6 3. Nf3 Nf6 4. Bg5 Be7 5. Nc3 O-O 6. e3 c6 7. Rc1 Nbd7 8. Bd3 dxc4 9. Bxc4 Nd5 10. Ne4 Qa5+ 11. Qd2 Bb4 12. Nc3 N7b6 13. Bxd5 cxd5 14. O-O Bxc3 15. Qxc3 1/2-1/2

[Event "Albert Boxer Classic"]
[Site "Winnipeg CAN"]
[Date "2001.09.03"]
[Round "6.7"]
[White "MacPherson, Al"]
[Black "Trueman, Francis"]
[Result "1-0"]
[WhiteElo "1593"]
[BlackElo "1411"]
[PlyCount "71"]
[GameId "2160767911485377"]
[EventDate "2001.09.01"]
[EventType "swiss"]
[EventRounds "6"]
[EventCountry "CAN"]
[SourceTitle "EXT 2003"]
[Source "ChessBase"]
[SourceDate "2002.11.25"]
[SourceVersion "1"]
[SourceVersionDate "2002.11.25"]
[SourceQuality "1"]

1. d4 d5 2. c4 e6 3. Nc3 Nf6 4. Nf3 c6 5. cxd5 exd5 6. e3 Be7 7. Bd3 O-O 8. O-O Bg4 9. Re1 Re8 10. Qb3 Qc7 11. e4 Bxf3 12. gxf3 dxe4 13. Nxe4 Nbd7 14. Ng5 Nd5 15. Nh3 N7f6 16. Kh1 Qd7 17. Bf1 Bd6 18. Be3 Re7 19. Bg2 Rae8 20. Re2 Qc7 21. Qd3 Nh5 22. Qd2 Bxh2 23. Rae1 Nxe3 24. Rxe3 Rxe3 25. Rxe3 Rxe3 26. Qxe3 Bd6 27. Bf1 Qe7 28. Qb3 h6 29. Qe3 Qh4 30. Qe8+ Kh7 31. Bd3+ g6 32. Qxf7+ Kh8 33. Qe8+ Kg7 34. Qxg6+ Kf8 35. Qxd6+ Ke8 36. Bg6# 1-0

[Event "Albert Boxer Classic"]
[Site "Winnipeg CAN"]
[Date "2001.09.03"]
[Round "6.9"]
[White "Tetrault, Claude"]
[Black "Gannon, Keith"]
[Result "1-0"]
[WhiteElo "1403"]
[BlackElo "1601"]
[PlyCount "65"]
[GameId "2160767911485379"]
[EventDate "2001.09.01"]
[EventType "swiss"]
[EventRounds "6"]
[EventCountry "CAN"]
[SourceTitle "EXT 2003"]
[Source "ChessBase"]
[SourceDate "2002.11.25"]
[SourceVersion "1"]
[SourceVersionDate "2002.11.25"]
[SourceQuality "1"]

1. d4 Nf6 2. c4 g6 3. Nf3 Bg7 4. Nc3 O-O 5. Bg5 d6 6. e4 Nbd7 7. Qc2 h6 8. Bh4 Nh7 9. Be2 c6 10. Rd1 a6 11. O-O Re8 12. Rfe1 Bf6 13. h3 Bxh4 14. Nxh4 Nhf8 15. Qd2 Kg7 16. f4 e6 17. Nf3 b5 18. Bd3 Bb7 19. Rf1 Qc7 20. Nh2 Nf6 21. e5 dxe5 22. fxe5 Ng8 23. c5 Rad8 24. Bc2 Rd7 25. Ne4 Nh7 26. Ng4 g5 27. h4 Qd8 28. hxg5 hxg5 29. Ngf6 Ngxf6 30. Nxf6 Nxf6 31. Qxg5+ Kf8 32. Qh6+ Kg8 33. exf6 1-0

[Event "Alberta closed"]
[Site "Calgary CAN"]
[Date "2001.04.12"]
[Round "1"]
[White "Haynes, Nicolas"]
[Black "Gardner, Robert"]
[Result "0-1"]
[WhiteElo "1977"]
[BlackElo "2353"]
[PlyCount "42"]
[GameId "2160767911564998"]
[EventDate "2001.04.12"]
[EventType "tourn"]
[EventRounds "7"]
[EventCountry "CAN"]

1. d4 g6 2. e4 Bg7 3. Nc3 c6 4. g3 d5 5. exd5 cxd5 6. Bg2 e6 7. h4 Nc6 8. Nf3 h5 9. O-O Nge7 10. b3 Nf5 11. Ne2 O-O 12. Bb2 b6 13. c4 Nce7 14. Ba3 Re8 15. Rc1 Ba6 16. Qd2 Rc8 17. Qd3 Nc6 18. Rfd1 dxc4 19. Qe4 cxb3 20. Ng5 Bxe2 21. Qxe2 Ncxd4 0-1

[Event "Alberta closed"]
[Site "Calgary CAN"]
[Date "2001.04.12"]
[Round "1"]
[White "Yearwood, Roy"]
[Black "Odachowski, Arthur"]
[Result "1/2-1/2"]
[WhiteElo "2159"]
[BlackElo "2315"]
[PlyCount "35"]
[GameId "2160767911564999"]
[EventDate "2001.04.12"]
[EventType "tourn"]
[EventRounds "7"]
[EventCountry "CAN"]

1. e4 c5 2. Nf3 d6 3. Bb5+ Nc6 4. O-O Bd7 5. Re1 Nf6 6. c3 a6 7. Ba4 b5 8. Bc2 Bg4 9. h3 Bxf3 10. Qxf3 g6 11. Qe3 Bg7 12. a4 O-O 13. Qe2 b4 14. d3 Qb8 15. Be3 Nd7 16. Qd2 Rc8 17. Bd1 Rc7 18. c4 1/2-1/2

[Event "Alberta closed"]
[Site "Calgary CAN"]
[Date "2001.04.13"]
[Round "2"]
[White "Ottosen, David"]
[Black "Yearwood, Roy"]
[Result "0-1"]
[WhiteElo "2120"]
[BlackElo "2159"]
[PlyCount "38"]
[GameId "2160767911565000"]
[EventDate "2001.04.12"]
[EventType "tourn"]
[EventRounds "7"]
[EventCountry "CAN"]

1. e4 c5 2. Nf3 d6 3. d4 Nf6 4. Nc3 cxd4 5. Nxd4 g6 6. Be3 Bg7 7. f3 Nc6 8. Qd2 O-O 9. Bc4 Bd7 10. O-O-O Qa5 11. h4 Rfc8 12. Bb3 Ne5 13. Bh6 Bxh6 14. Qxh6 Rxc3 15. h5 Rxb3 16. hxg6 Rxb2 17. gxh7+ Kh8 18. Nf5 Bxf5 19. Rxd6 Qc3 0-1

[Event "Alberta closed"]
[Site "Calgary CAN"]
[Date "2001.04.13"]
[Round "3"]
[White "Haynes, Nicolas"]
[Black "Odachowski, Arthur"]
[Result "0-1"]
[WhiteElo "1977"]
[BlackElo "2315"]
[PlyCount "126"]
[GameId "2160767911565001"]
[EventDate "2001.04.12"]
[EventType "tourn"]
[EventRounds "7"]
[EventCountry "CAN"]

1. d4 Nf6 2. c4 g6 3. g3 Bg7 4. Bg2 O-O 5. Nc3 d6 6. Nf3 Nc6 7. b3 a6 8. O-O Rb8 9. Nd5 Nxd5 10. cxd5 Na7 11. e4 c6 12. dxc6 Nxc6 13. Bb2 d5 14. e5 h6 15. Rc1 Be6 16. h3 Qd7 17. Kh2 Rbc8 18. Ne1 f5 19. Nd3 b6 20. Nf4 g5 21. Nxe6 Qxe6 22. Qf3 Rfd8 23. a3 Qd7 24. Rfe1 e6 25. Bf1 b5 26. Bd3 Qf7 27. b4 h5 28. Rc2 g4 29. Qe3 Qg6 30. f4 Na7 31. Rec1 Qe8 32. a4 Bf8 33. axb5 axb5 34. Rc7 Rxc7 35. Rxc7 Rd7 36. Rxd7 Qxd7 37. Qd2 Qc6 38. hxg4 hxg4 39. Kg1 Qa6 40. Qc3 Nc6 41. Be2 Bxb4 42. Qd3 Na7 43. Kf2 Kg7 44. Qc2 Qb6 45. Qd1 Be7 46. Bxg4 fxg4 47. Qxg4+ Kf8 48. Qh5 Qc6 49. Qh8+ Kf7 50. Qh5+ Kg7 51. Qg4+ Kf8 52. Qh5 Qc2+ 53. Qe2 Qxe2+ 54. Kxe2 Kf7 55. g4 Kg6 56. Kd3 Nc6 57. Kc2 Nb4+ 58. Kd2 Nc6 59. Kc2 Na5 60. Bc3 Nc6 61. Kb3 Bh4 62. Bd2 Bf2 63. Bc3 Be3 0-1

[Event "Alberta closed"]
[Site "Calgary CAN"]
[Date "2001.04.14"]
[Round "4"]
[White "Ottosen, David"]
[Black "Haynes, Nicolas"]
[Result "1-0"]
[WhiteElo "2120"]
[BlackElo "1977"]
[PlyCount "97"]
[GameId "2160767911565002"]
[EventDate "2001.04.12"]
[EventType "tourn"]
[EventRounds "7"]
[EventCountry "CAN"]

1. e4 g6 2. Bc4 d6 3. Qf3 Nf6 4. d4 Nc6 5. Ne2 Bg7 6. h3 O-O 7. Be3 a6 8. Nd2 d5 9. exd5 Nb4 10. O-O-O b5 11. Bb3 Bb7 12. Ne4 Nfxd5 13. h4 h6 14. h5 Nxe3 15. fxe3 g5 16. c3 Nd5 17. N2g3 e6 18. Nc5 Bc6 19. e4 Nf4 20. Ne2 Nxe2+ 21. Qxe2 Qe7 22. e5 Bd5 23. Bc2 f5 24. exf6 Rxf6 25. Rhf1 Rxf1 26. Rxf1 Bc4 27. Qe4 Bxf1 28. Qxa8+ Bf8 29. Bb3 Bc4 30. Bxc4 bxc4 31. Qxa6 Kf7 32. Qxc4 Qf6 33. Nd3 Bd6 34. Kc2 Qf5 35. Qc6 Ke7 36. Qf3 Qa5 37. Kb1 Qb5 38. Qe4 Kd8 39. Nc1 Bf4 40. Nd3 Bd6 41. g4 Qc4 42. Qa8+ Kd7 43. Kc2 Qb5 44. b3 Qb6 45. a4 Ke7 46. a5 Qb5 47. c4 Qd7 48. a6 Bf4 49. Qe4 1-0

[Event "Alberta closed"]
[Site "Calgary CAN"]
[Date "2001.04.14"]
[Round "4"]
[White "Yearwood, Roy"]
[Black "Reeve, Jeff"]
[Result "0-1"]
[WhiteElo "2159"]
[BlackElo "2308"]
[PlyCount "52"]
[GameId "2160767911565003"]
[EventDate "2001.04.12"]
[EventType "tourn"]
[EventRounds "7"]
[EventCountry "CAN"]

1. e4 c5 2. Nf3 e6 3. c3 Nf6 4. Bd3 Nc6 5. Qe2 d5 6. e5 Nd7 7. Bb5 Be7 8. O-O O-O 9. d4 Qb6 10. Be3 Kh8 11. a3 f6 12. exf6 Nxf6 13. dxc5 Bxc5 14. Bxc5 Qxc5 15. Bd3 Qd6 16. Re1 Bd7 17. Nbd2 e5 18. Nxe5 Rae8 19. f4 Ng4 20. Rf1 Ncxe5 21. fxe5 Qb6+ 22. Kh1 Rf2 23. Qe1 Rxf1+ 24. Bxf1 Nf2+ 25. Kg1 Nh3+ 26. Kh1 Qg1# 0-1

[Event "Alberta closed"]
[Site "Calgary CAN"]
[Date "2001.04.14"]
[Round "5"]
[White "Haynes, Nicolas"]
[Black "Yearwood, Roy"]
[Result "1/2-1/2"]
[WhiteElo "1977"]
[BlackElo "2159"]
[PlyCount "74"]
[GameId "2160767911565004"]
[EventDate "2001.04.12"]
[EventType "tourn"]
[EventRounds "7"]
[EventCountry "CAN"]

1. d4 d6 2. c4 f5 3. g3 g6 4. Bg2 Nf6 5. Nc3 Bg7 6. Nh3 c6 7. O-O O-O 8. d5 e5 9. dxe6 Bxe6 10. Qd3 Kh8 11. Bf4 Qb6 12. Bxd6 Rd8 13. Na4 Qa6 14. Nc5 Qxc4 15. Nxb7 Qxd3 16. exd3 Rd7 17. Bxb8 Rxb7 18. Be5 Nd5 19. Bxg7+ Kxg7 20. b3 Rb6 21. Rfe1 Bg8 22. Bxd5 Bxd5 23. Re7+ Kf6 24. Rxh7 a5 25. Nf4 Bf7 26. h4 a4 27. bxa4 Rxa4 28. Rh8 Rxa2 29. Rxa2 Bxa2 30. Kg2 Bd5+ 31. Nxd5+ cxd5 32. Rd8 Ke5 33. Kf3 Kd4 34. Kf4 Kxd3 35. Rxd5+ Ke2 36. f3 Rb4+ 37. Kg5 Kxf3 1/2-1/2

[Event "Alberta closed"]
[Site "Calgary CAN"]
[Date "2001.04.15"]
[Round "6"]
[White "Reeve, Jeff"]
[Black "Haynes, Nicolas"]
[Result "1-0"]
[WhiteElo "2308"]
[BlackElo "1977"]
[PlyCount "71"]
[GameId "2160767911565005"]
[EventDate "2001.04.12"]
[EventType "tourn"]
[EventRounds "7"]
[EventCountry "CAN"]

1. e4 Nf6 2. e5 Nd5 3. d4 d6 4. Nf3 Bg4 5. Be2 e6 6. O-O Nc6 7. c4 Nb6 8. exd6 cxd6 9. d5 exd5 10. cxd5 Bxf3 11. Bxf3 Ne5 12. Be2 Be7 13. a4 a5 14. Bb5+ Ned7 15. Qb3 O-O 16. Bf4 Nc5 17. Qf3 Bf6 18. Nc3 Nb3 19. Rad1 Nd4 20. Qg3 Nf5 21. Qh3 Ne7 22. Ne4 Nexd5 23. Bxd6 Be7 24. Be5 Qc8 25. Qg3 f6 26. Bd4 Rd8 27. h4 Qf5 28. Qb3 Kh8 29. Ng3 Qc8 30. h5 h6 31. Bd3 Bb4 32. Bxb6 Nxb6 33. Qf7 Qg4 34. Bf5 Qg5 35. Rxd8+ Rxd8 36. Qc7 1-0

[Event "Alberta closed"]
[Site "Calgary CAN"]
[Date "2001.04.15"]
[Round "6"]
[White "Yearwood, Roy"]
[Black "Gardner, Robert"]
[Result "0-1"]
[WhiteElo "2159"]
[BlackElo "2353"]
[PlyCount "108"]
[GameId "2160767911565006"]
[EventDate "2001.04.12"]
[EventType "tourn"]
[EventRounds "7"]
[EventCountry "CAN"]

1. e4 c5 2. Nf3 d6 3. Bb5+ Nd7 4. c3 Ngf6 5. Qe2 a6 6. Ba4 b5 7. Bc2 c4 8. b3 Qc7 9. bxc4 bxc4 10. Na3 Nb6 11. Rb1 Nfd7 12. Rb4 a5 13. Nb5 Qc5 14. Rb1 e5 15. Ba3 Qc6 16. d4 cxd3 17. Qxd3 Nc4 18. Nd2 Nxa3 19. Nxa3 Be7 20. Bb3 Rb8 21. Qf3 O-O 22. O-O Ba6 23. Bd5 Qc5 24. Rxb8 Nxb8 25. c4 Nd7 26. Rb1 Nf6 27. Bb7 Bxb7 28. Rxb7 Bd8 29. Nc2 Bb6 30. Qe3 Ng4 31. Qxc5 Bxc5 32. Nb3 Bxf2+ 33. Kf1 a4 34. Na5 f5 35. h3 fxe4 36. hxg4 Bb6+ 37. Ke2 Bxa5 38. Ne3 g6 39. Nd5 Bd8 40. Ke3 Bg5+ 41. Kxe4 Rf2 42. Nc7 Rxg2 43. Ne6 Rxg4+ 44. Kd5 Bf4 45. Rg7+ Kh8 46. Rf7 h5 47. Kxd6 Bg3 48. Rf8+ Kh7 49. Rf7+ Kh6 50. Rf8 e4+ 51. Ke7 Be5 52. c5 e3 53. c6 e2 54. c7 Rc4 0-1

[Event "Alberta op"]
[Site "Edmonton CAN"]
[Date "2001.10.05"]
[Round "1"]
[White "Beebe, Greg"]
[Black "Nguyen, Kim"]
[Result "1/2-1/2"]
[WhiteElo "1680"]
[BlackElo "2036"]
[PlyCount "125"]
[GameId "2160767911485120"]
[EventDate "2001.10.06"]
[EventType "swiss"]
[EventRounds "6"]
[EventCountry "CAN"]

1. c4 Nf6 2. Nc3 g6 3. g3 Bg7 4. Bg2 O-O 5. Nf3 d6 6. d3 Nbd7 7. O-O e5 8. Bg5 h6 9. Bd2 c6 10. Qc1 Kh7 11. Qc2 Ng8 12. b4 f5 13. Rab1 Ne7 14. b5 c5 15. a4 Qe8 16. Rb3 g5 17. Rfb1 Qh5 18. a5 Rb8 19. Ne1 Kh8 20. Qd1 Nf6 21. f3 g4 22. f4 Ng6 23. e3 Be6 24. Qe2 exf4 25. exf4 Rfe8 26. Qf1 Nd7 27. Nc2 Ngf8 28. Nd5 Bxd5 29. Bxd5 Ne6 30. Bc3 Nd4 31. Nxd4 cxd4 32. Bb4 Nc5 33. Bxc5 dxc5 34. R3b2 Re3 35. Re1 Qe8 36. Rbe2 Qe7 37. Qf2 Qc7 38. Rxe3 dxe3 39. Qa2 Re8 40. Re2 Bc3 41. a6 b6 42. Qc2 Qg7 43. Kg2 Qd4 44. Qb1 Bd2 45. Kf1 Kg7 46. Kg2 Kf6 47. Kf1 Rd8 48. Kg1 h5 49. Kg2 Rh8 50. Kg1 Kg6 51. Kg2 h4 52. Kg1 hxg3 53. hxg3 Rh3 54. Kg2 Qh8 55. Qg1 Qb2 56. Qxe3 Bxe3 57. Rxb2 Rh8 58. Re2 Re8 59. Bc6 Re7 60. Bd5 Kg7 61. Bb7 Kg6 62. Bd5 Kg7 63. Bb7 1/2-1/2

[Event "Alberta op"]
[Site "Edmonton CAN"]
[Date "2001.10.05"]
[Round "1"]
[White "Brodmann, David"]
[Black "Hughey, Micah"]
[Result "0-1"]
[WhiteElo "1730"]
[BlackElo "2201"]
[PlyCount "118"]
[GameId "2160767911485121"]
[EventDate "2001.10.06"]
[EventType "swiss"]
[EventRounds "6"]
[EventCountry "CAN"]

1. e4 c5 2. Nf3 e6 3. d4 cxd4 4. Nxd4 Nf6 5. Nc3 Bb4 6. f3 Nc6 7. Nxc6 bxc6 8. Qd4 c5 9. Qd6 Qe7 10. Qg3 O-O 11. e5 Nd5 12. Bh6 f6 13. Bd2 fxe5 14. Qxe5 Bb7 15. Bd3 Qh4+ 16. Qg3 Qd4 17. Qh3 g6 18. Qg4 Nxc3 19. Qxd4 cxd4 20. bxc3 Bxc3 21. Bxc3 dxc3 22. Rb1 Bd5 23. a3 Rab8 24. Rb4 Rxb4 25. axb4 Rb8 26. Kf2 Rxb4 27. Ra1 Rb7 28. Ra3 Rc7 29. Ke3 Kf8 30. Be4 Bxe4 31. Kxe4 Ke7 32. Kd3 Kd8 33. Kd4 d6 34. Rb3 Kc8 35. Ra3 Kb7 36. Rb3+ Kc8 37. Ra3 Kd7 38. Ra5 e5+ 39. Kd5 Rc5+ 40. Rxc5 dxc5 41. Kxc5 Ke6 42. Kc4 g5 43. h3 h5 44. g4 hxg4 45. hxg4 Kd6 46. Kxc3 Kc5 47. Kb3 Kb5 48. Kc3 a6 49. Kb3 a5 50. Ka3 Kc4 51. Ka4 Kc3 52. Kxa5 Kxc2 53. Kb4 Kd3 54. Kc5 Ke3 55. Kd5 Kxf3 56. Kxe5 Kxg4 57. Ke4 Kg3 58. Ke3 g4 59. Ke2 Kh2 0-1

[Event "Alberta op"]
[Site "Edmonton CAN"]
[Date "2001.10.05"]
[Round "1"]
[White "Gomboc, Dave"]
[Black "Wihnon, Jason"]
[Result "1/2-1/2"]
[WhiteElo "2026"]
[BlackElo "1629"]
[PlyCount "110"]
[GameId "2160767911485122"]
[EventDate "2001.10.06"]
[EventType "swiss"]
[EventRounds "6"]
[EventCountry "CAN"]

1. e4 e5 2. f4 exf4 3. Nf3 d6 4. h4 h5 5. d4 Qf6 6. Nc3 Nc6 7. Nd5 Qd8 8. Bxf4 Nge7 9. Bb5 Bd7 10. Qe2 Nxd5 11. exd5+ Ne7 12. O-O-O a6 13. Bd3 Bg4 14. c4 Qd7 15. Rde1 O-O-O 16. Qf2 Bxf3 17. Qxf3 g6 18. Bg5 Re8 19. Qxf7 Bh6 20. Bxh6 Rxh6 21. Re6 Rhh8 22. Bxg6 Nxg6 23. Qxg6 Reg8 24. Qf5 Kb8 25. Qf2 Qg7 26. Rhe1 Rf8 27. Qd2 Qg3 28. R6e4 Rf2 29. R1e2 Rhf8 30. Re8+ Rxe8 31. Rxe8+ Ka7 32. Re2 Rxe2 33. Qxe2 Qxh4 34. Qd2 Qg4 35. b3 h4 36. Kb2 h3 37. gxh3 Qxh3 38. Ka3 Qf5 39. Kb4 b6 40. Ka3 Qe4 41. Qf2 Kb7 42. Qd2 Qf5 43. Ka4 Qe4 44. Kb4 Qf5 45. Qe2 Qf4 46. Kc3 Qf7 47. Qe4 Qf2 48. Qc2 Qe3+ 49. Qd3 Qc1+ 50. Kb4 Qg5 51. Qe4 Qd2+ 52. Ka3 Qc1+ 53. Ka4 Qc3 54. Ka3 a5 55. Qe8 Qb4+ 1/2-1/2

[Event "Alberta op"]
[Site "Edmonton CAN"]
[Date "2001.10.05"]
[Round "1"]
[White "Pivovarov, Juraj"]
[Black "Chi, Megan"]
[Result "1-0"]
[WhiteElo "1802"]
[BlackElo "1295"]
[PlyCount "129"]
[GameId "2160767911485123"]
[EventDate "2001.10.06"]
[EventType "swiss"]
[EventRounds "6"]
[EventCountry "CAN"]

1. b4 e5 2. Bb2 Bxb4 3. Bxe5 Nf6 4. Nf3 Nc6 5. c3 Bc5 6. d4 Nxe5 7. Nxe5 Bb6 8. Nd2 d6 9. Nef3 Bf5 10. e3 O-O 11. Bc4 Qe7 12. O-O d5 13. Bb3 c6 14. Bc2 Be4 15. Ng5 h6 16. Ndxe4 Nxe4 17. Nxe4 dxe4 18. f3 Qg5 19. f4 Qe7 20. f5 Rfe8 21. Rf4 Qf6 22. Qf1 Re7 23. Bxe4 Rae8 24. Bd3 Rxe3 25. Kh1 Ba5 26. Rf3 Rxf3 27. Qxf3 Bxc3 28. Rb1 Re7 29. d5 c5 30. d6 Qxd6 31. Bc4 Bf6 32. Rd1 Bd4 33. g3 b6 34. Bd3 Re8 35. h4 Re3 36. Qa8+ Kh7 37. f6+ g6 38. h5 Qxf6 39. Rf1 Qe6 40. hxg6+ Kg7 41. Rxf7+ Qxf7 42. gxf7 Kxf7 43. Qxa7+ Kf6 44. Qxb6+ Re6 45. Qd8+ Ke5 46. a4 Bc3 47. a5 Bxa5 48. Qxa5 Kd5 49. Kg2 Re3 50. Bb5 Rb3 51. Qd8+ Ke5 52. Qh8+ Kd5 53. Qg8+ Kd4 54. Qxb3 Ke5 55. Qc4 Kd6 56. Kf3 Ke5 57. Ba4 Kd6 58. Bb3 Kc6 59. Ke4 Kd6 60. Qe6+ Kc7 61. Kd5 Kb7 62. Qc6+ Kb8 63. Qd7 Ka8 64. Kc6 Kb8 65. Qb7# 1-0

[Event "Alberta op"]
[Site "Edmonton CAN"]
[Date "2001.10.05"]
[Round "1"]
[White "Yearwood, Roy"]
[Black "Chi, Jonathan"]
[Result "1-0"]
[WhiteElo "2060"]
[BlackElo "1698"]
[PlyCount "111"]
[GameId "2160767911485124"]
[EventDate "2001.10.06"]
[EventType "swiss"]
[EventRounds "6"]
[EventCountry "CAN"]

1. e4 c5 2. Nf3 d6 3. d4 cxd4 4. Nxd4 Nf6 5. Nc3 g6 6. Be3 Bg7 7. f3 Nc6 8. Qd2 O-O 9. Bc4 Bd7 10. O-O-O Rc8 11. Bb3 Ne5 12. h4 h5 13. Kb1 Nc4 14. Bxc4 Rxc4 15. Nde2 b5 16. Bg5 b4 17. Nd5 Nxd5 18. Qxd5 Be6 19. Qd2 Qa5 20. b3 Qe5 21. c3 bxc3 22. Qc2 Rb8 23. Bxe7 d5 24. Bg5 a5 25. Bf4 Qxf4 26. Nxf4 a4 27. Nxe6 fxe6 28. exd5 axb3 29. axb3 Rcb4 30. Qxg6 Rxb3+ 31. Kc2 Rb2+ 32. Kd3 R8b3 33. Qe8+ Kh7 34. Qxh5+ Kg8 35. Rc1 Rd2+ 36. Kc4 Rb7 37. Qe8+ Kh7 38. Qxe6 Rd4+ 39. Kc5 Rdb4 40. Qf5+ Kg8 41. Qc8+ Bf8+ 42. d6 R7b5+ 43. Kc6 Rb6+ 44. Kc7 Rxd6 45. Qxf8+ Kxf8 46. Kxd6 Kf7 47. Rxc3 Kf6 48. g4 Rd4+ 49. Kc7 Ke6 50. Re1+ Kd5 51. Rc6 Rf4 52. Rd6+ Kc4 53. Rc1+ Kb3 54. Rb6+ Ka2 55. Rc5 Ra4 56. Kb7 1-0

[Event "Alberta op"]
[Site "Edmonton CAN"]
[Date "2001.10.05"]
[Round "2"]
[White "Bertrand, Daryl"]
[Black "Yearwood, Roy"]
[Result "0-1"]
[WhiteElo "1896"]
[BlackElo "2060"]
[PlyCount "58"]
[GameId "2160767911485125"]
[EventDate "2001.10.06"]
[EventType "swiss"]
[EventRounds "6"]
[EventCountry "CAN"]

1. e4 c5 2. Nf3 d6 3. Bb5+ Nd7 4. O-O e6 5. a4 Ngf6 6. Nc3 Be7 7. d4 cxd4 8. Nxd4 a6 9. Be2 Nc5 10. Bf3 Qc7 11. Be3 Rb8 12. b4 Ncd7 13. Ndb5 axb5 14. Nxb5 Qd8 15. Nxd6+ Bxd6 16. Qxd6 Qe7 17. Bc5 Qxd6 18. Bxd6 Ra8 19. Rfd1 Nb6 20. e5 Nfd7 21. a5 Nc4 22. b5 Ncxe5 23. Be2 f5 24. a6 bxa6 25. bxa6 Nf7 26. Bf3 Rxa6 27. Rxa6 Bxa6 28. Ra1 Nxd6 29. Rxa6 Ke7 0-1

[Event "Alberta op"]
[Site "Edmonton CAN"]
[Date "2001.10.05"]
[Round "2"]
[White "Daniluk, Jim"]
[Black "Pivovarov, Juraj"]
[Result "1-0"]
[WhiteElo "2098"]
[BlackElo "1802"]
[PlyCount "41"]
[GameId "2160767911485126"]
[EventDate "2001.10.06"]
[EventType "swiss"]
[EventRounds "6"]
[EventCountry "CAN"]

1. d4 Nf6 2. c4 g6 3. Nf3 Bg7 4. g3 O-O 5. Bg2 d6 6. Nc3 c5 7. O-O e6 8. dxc5 dxc5 9. Qxd8 Rxd8 10. Be3 Na6 11. Na4 Bd7 12. Nxc5 Nxc5 13. Bxc5 Rdc8 14. Ba3 Rxc4 15. Ne5 Rc2 16. Bxb7 Rb8 17. Ba6 Bb5 18. Bxb5 Rxb5 19. Rac1 Rxc1 20. Rxc1 Rb8 21. Nc6 1-0

[Event "Alberta op"]
[Site "Edmonton CAN"]
[Date "2001.10.05"]
[Round "2"]
[White "McFarlane, Don"]
[Black "Milward, David"]
[Result "0-1"]
[WhiteElo "1557"]
[BlackElo "1743"]
[PlyCount "68"]
[GameId "2160767911485127"]
[EventDate "2001.10.06"]
[EventType "swiss"]
[EventRounds "6"]
[EventCountry "CAN"]

1. e4 c5 2. f4 Nc6 3. Nc3 g6 4. Bc4 e6 5. Nf3 Bg7 6. Nb5 d5 7. exd5 exd5 8. Bxd5 Nge7 9. Bb3 a6 10. Na3 b5 11. c3 Qb6 12. d3 O-O 13. Be3 Nf5 14. Bf2 Re8+ 15. Kd2 b4 16. Nc4 bxc3+ 17. bxc3 Qc7 18. g3 a5 19. Bxc5 Be6 20. Re1 a4 21. Nb6 axb3 22. Nxa8 Rxa8 23. axb3 Na5 24. Rxa5 Qxa5 25. Bb4 Qa2+ 26. Qc2 Bxb3 27. Qxa2 Rxa2+ 28. Kc1 Rc2+ 29. Kb1 Bxc3 30. Re8+ Kg7 31. Bf8+ Kf6 32. Ne5 Bxe5 33. Rxe5 Nd4 34. g4 Ba2+ 0-1

[Event "Alberta op"]
[Site "Edmonton CAN"]
[Date "2001.10.06"]
[Round "2"]
[White "Gardner, Robert"]
[Black "Quiring, John"]
[Result "1-0"]
[WhiteElo "2264"]
[BlackElo "1896"]
[PlyCount "65"]
[GameId "2160767911485129"]
[EventDate "2001.10.06"]
[EventType "swiss"]
[EventRounds "6"]
[EventCountry "CAN"]
[SourceTitle "EXT 2017"]
[Source "ChessBase"]
[SourceDate "2016.10.25"]
[SourceVersion "1"]
[SourceVersionDate "2016.10.25"]
[SourceQuality "1"]

1. d4 Nf6 2. c4 g6 3. Nc3 d5 4. cxd5 Nxd5 5. e4 Nxc3 6. bxc3 Bg7 7. Bc4 c5 8. Ne2 O-O 9. Be3 Nc6 10. h4 Qa5 11. Kf1 Rd8 12. Rb1 cxd4 13. cxd4 e6 14. h5 a6 15. d5 b5 16. Bd2 Qc7 17. Bb3 exd5 18. hxg6 hxg6 19. Bxd5 Bb7 20. Rc1 Qd7 21. Bc3 Ne5 22. Nf4 Rac8 23. Bxe5 Bxd5 24. Nxd5 Bxe5 25. Rh3 Rxc1 26. Qxc1 Bg7 27. Qc5 Qd6 28. Qc2 Kf8 29. Rd3 Qe5 30. Qc5+ Qd6 31. Qc2 Qe5 32. f4 Qd6 33. e5 1-0

[Event "Alberta op"]
[Site "Edmonton CAN"]
[Date "2001.10.06"]
[Round "2"]
[White "Hughey, Micah"]
[Black "Yamach, Ahmet"]
[Result "1-0"]
[WhiteElo "2201"]
[BlackElo "1865"]
[PlyCount "73"]
[GameId "2160767911485130"]
[EventDate "2001.10.06"]
[EventType "swiss"]
[EventRounds "6"]
[EventCountry "CAN"]
[SourceTitle "EXT 2017"]
[Source "ChessBase"]
[SourceDate "2016.10.25"]
[SourceVersion "1"]
[SourceVersionDate "2016.10.25"]
[SourceQuality "1"]

1. d4 d5 2. Nf3 Nf6 3. e3 Bg4 4. c4 e6 5. Qb3 Qc8 6. Ne5 Bf5 7. Nc3 c6 8. Bd2 Nbd7 9. Rc1 Bd6 10. cxd5 exd5 11. Nb5 Bc7 12. Nxc7+ Qxc7 13. Nxd7 Qxd7 14. Qa3 Ne4 15. Bb4 a5 16. f3 Nf6 17. Be2 Qd8 18. Bd6 Nd7 19. O-O Nb6 20. e4 Be6 21. Rfe1 Kd7 22. Bc5 Re8 23. Qb3 dxe4 24. Qxb6 Qxb6 25. Bxb6 exf3 26. Bxf3 Bxa2 27. Rxe8 Kxe8 28. Rxc6 Ra6 29. Rc8+ Ke7 30. Bc5+ Kd7 31. Bxb7 Rf6 32. Ra8 Bc4 33. Bf3 g5 34. Rxa5 Kc7 35. Ra7+ Kb8 36. h3 Rf5 37. b4 1-0